Southville International School and Colleges
Your cart is empty.
  • Cart
  • Lists
    Public lists Eva Luna New books Lux_list list_1
    Your lists Log in to create your own lists
  • Log in to your account
  • Your cookies
  • Search history
Southville International School and Colleges
  • Advanced search
  • Recent comments
  • Most popular
  • Libraries

Log in to your account

Log in with GOOGLE


If you do not have an external account, but do have a local account, you can still log in:

  1. Home
  2. MARC view: Ecological crisis, our responsibility :
Normal view MARC view ISBD view

Ecological crisis, our responsibility : (Record no. 118072)

[ view plain ]
MARC details
000 -LEADER
fixed length control field 00760nam a2200205Ia 4500
008 - FIXED-LENGTH DATA ELEMENTS--GENERAL INFORMATION
fixed length control field 140609s9999 xx 000 0 und d
020 ## - INTERNATIONAL STANDARD BOOK NUMBER
International Standard Book Number 9789715849173
050 ## - LIBRARY OF CONGRESS CALL NUMBER
Classification number HC 110.E5
Item number .Ar781 2010
100 ## - MAIN ENTRY--PERSONAL NAME
Personal name Arsenio, Romulo Santiago.
245 ## - TITLE STATEMENT
Title Ecological crisis, our responsibility :
Remainder of title let us amend our lives! /
Statement of responsibility, etc Romulo Santiago Arsenio, Lourdes Monarca Valencia Arsenio ; Deogracias Suarez Iñiguez Jr., editor
260 ## - PUBLICATION, DISTRIBUTION, ETC. (IMPRINT)
Place of publication, distribution, etc Quezon City, Philippines :
Name of publisher, distributor, etc C&E Publishing, Inc.,
Date of publication, distribution, etc c2010.
300 ## - PHYSICAL DESCRIPTION
Extent 233 p. :
Other physical details col. ill. ;
Dimensions 22 cm.
500 ## - GENERAL NOTE
General note Includes bibliographical references, appendices, glossary and index.
521 ## - TARGET AUDIENCE NOTE
Target audience note
650 ## - SUBJECT ADDED ENTRY--TOPICAL TERM
Topical term or geographic name as entry element Ecology.
650 ## - SUBJECT ADDED ENTRY--TOPICAL TERM
Topical term or geographic name as entry element Environment.
650 ## - SUBJECT ADDED ENTRY--TOPICAL TERM
Topical term or geographic name as entry element Human ecology.
942 ## - ADDED ENTRY ELEMENTS (KOHA)
Call number prefix Local
Koha item type Books
Holdings
Withdrawn status Lost status Damaged status Home library Current library Shelving location Date acquired Cost, normal purchase price Total Checkouts Full call number Barcode Date last seen Price effective from Koha item type
      College Library College Library Filipiniana Section 06/09/2014 178.00   HC 110.E5 .Ar781 2010 C18360 05/08/2018 06/09/2014 Books

Ecological crisis, our responsibility :

APA

Arsenio R. S., . (2010). Ecological crisis, our responsibility. Quezon City, Philippines: C&E Publishing, Inc.

Chicago

Arsenio Romulo Santiago, . 2010. Ecological crisis, our responsibility. Quezon City, Philippines: C&E Publishing, Inc.

Harvard

Arsenio R. S., . (2010). Ecological crisis, our responsibility. Quezon City, Philippines: C&E Publishing, Inc.

MLA

Arsenio Romulo Santiago, . Ecological crisis, our responsibility. Quezon City, Philippines: C&E Publishing, Inc. 2010.

  • Place hold
  • Print
  • Cite
  • Add to your cart (remove)
  • Save record
    BIBTEX Dublin Core MARCXML MARC (non-Unicode/MARC-8) MARC (Unicode/UTF-8) MARC (Unicode/UTF-8, Standard) MODS (XML) RIS
  • More searches
    Search for this title in:
    Other Libraries (WorldCat) Other Databases (Google Scholar) Online Stores (Bookfinder.com) Open Library (openlibrary.org)

Exporting to Dublin Core...

SOUTHVILLE LIBRARY

Southville International School and Colleges Library

1281 Tropical Ave. Cor. Luxembourg St., BF Homes International, Las Pinas City

Tel. No. 8256374 / 252358 Loc. 117/146

Powered by Koha